[Event "Gausdal Troll Masters"]
[Site "Gausdal, Norway"]
[Date "2003.01.15"]
[Round "10"]
[White "Ovsejevitsch, Sergei"]
[Black "Rozentalis, Eduardas"]
[Result "1/2-1/2"]
[WhiteElo "2517"]
[BlackElo "2585"]
[PlyCount "39"]
[EventDate "2003.01.??"]
[Source "EeEk"]
[SourceDate "2003.01.08"]

1. d4 Nf6 2. c4 e6 3. Nf3 b6 4. Nc3 Bb7 5. Bg5 Bb4 6. e3 h6 7. Bh4 g5 8. Bg3
Ne4 9. Nd2 Nxc3 10. bxc3 Bxc3 11. Rc1 Bxd2+ 12. Qxd2 d6 13. c5 dxc5 14. Qb2 O-O
15. dxc5 Ba6 16. h4 g4 17. Bc4 Bxc4 18. Rxc4 f5 19. O-O Nd7 20. c6 1/2-1/2

[Event "Gausdal Troll Masters"]
[Site "Gausdal, Norway"]
[Date "2003.01.15"]
[Round "10"]
[White "Hanley, Craig"]
[Black "Miezis, Normunds"]
[Result "1/2-1/2"]
[WhiteElo "2359"]
[BlackElo "2523"]
[PlyCount "133"]
[EventDate "2003.01.??"]
[Source "EeEk"]
[SourceDate "2003.01.08"]

1. e4 c5 2. c3 d5 3. exd5 Qxd5 4. d4 e6 5. Nf3 Nf6 6. Be3 cxd4 7. cxd4 Be7 8.
Nc3 Qd8 9. Bd3 Nc6 10. a3 Nd5 11. Nxd5 Qxd5 12. O-O O-O 13. Qc2 Qh5 14. Ne5
Nxe5 15. dxe5 Qxe5 16. Bxh7+ Kh8 17. Rad1 Qb5 18. Bd3 Qc6 19. Qe2 Kg8 20. Rc1
Qe8 21. Be4 Bd7 22. Qf3 Bb5 23. Bxb7 Rb8 24. Rfd1 Ba4 25. Rd2 a5 26. g3 Qb5 27.
Bc6 Qb3 28. Bxa4 Qxa4 29. Qc6 Qxc6 30. Rxc6 Bf6 31. Rcc2 Rb3 32. Bd4 Bxd4 33.
Rxd4 Rfb8 34. Rdd2 R8b5 35. Kf1 g5 36. h3 Kg7 37. Ke2 f5 38. Kf1 Kf6 39. Re2 f4
40. Rc6 Re5 41. Rxe5 Kxe5 42. Rc5+ Kf6 43. gxf4 gxf4 44. Rxa5 Rxb2 45. Ra8 Kf5
46. Kg2 e5 47. Rf8+ Ke4 48. h4 Rb7 49. Rg8 Rh7 50. Rg4 Kd3 51. a4 Rf7 52. Rg5
e4 53. Rb5 e3 54. fxe3 fxe3 55. Rb3+ Ke2 56. Rb2+ Kd1 57. Kg3 e2 58. Kg4 Rc7
59. Rxe2 Kxe2 60. h5 Ke3 61. h6 Ke4 62. Kg5 Ke5 63. Kg6 Rc6+ 64. Kg7 Kf5 65. h7
Rc7+ 66. Kh6 Rc6+ 67. Kg7 1/2-1/2

[Event "Gausdal Troll Masters"]
[Site "Gausdal, Norway"]
[Date "2003.01.15"]
[Round "10"]
[White "Bluvshtein, Mark"]
[Black "Carlsen, Magnus"]
[Result "0-1"]
[WhiteElo "2461"]
[BlackElo "2279"]
[PlyCount "126"]
[EventDate "2003.01.??"]
[Source "EeEk"]
[SourceDate "2003.01.08"]

1. e4 c5 2. Nf3 e6 3. d4 cxd4 4. Nxd4 a6 5. Bd3 Bc5 6. Nb3 Ba7 7. O-O Nc6 8.
Qe2 d6 9. Be3 Bxe3 10. Qxe3 Nf6 11. N1d2 O-O 12. f4 Rb8 13. Rae1 b5 14. e5 Nd5
15. Qh3 g6 16. c4 bxc4 17. Bxc4 dxe5 18. fxe5 Kg7 19. Ne4 Nxe5 20. Bxd5 exd5
21. Qc3 Qb6+ 22. Rf2 dxe4 23. Qxe5+ Kg8 24. Qxe4 Be6 25. Re3 Rfe8 26. Nd4 Rbd8
27. Rd2 f5 28. Qd3 Rd6 29. Kh1 Rc8 30. h3 Bxa2 31. Qa3 Bf7 32. Red3 Rc1+ 33.
Kh2 Qb8 34. Rg3 h5 35. h4 Qd8 36. Ne6 Qxh4+ 37. Rh3 Rh1+ 38. Kxh1 Qe1+ 39. Kh2
Qxd2 40. Ng5 h4 41. Rf3 Rb6 42. Qe7 Qd6+ 43. Qxd6 Rxd6 44. Nxf7 Kxf7 45. Rf4
Rb6 46. b4 Ke6 47. Rxh4 Kd5 48. Kg3 g5 49. Rh1 Kc4 50. Rf1 Rf6 51. Rb1 Re6 52.
Rf1 Rf6 53. Rb1 Kb5 54. Rb3 Re6 55. Kf2 Re4 56. Rd3 Kxb4 57. Rd5 a5 58. g3 a4
59. Rxf5 a3 60. Kf3 Rc4 61. Ke2 a2 62. Rf1 Kc3 63. Rc1+ Kb3 0-1

[Event "Gausdal Troll Masters"]
[Site "Gausdal, Norway"]
[Date "2003.01.15"]
[Round "10"]
[White "Tallaksen, Geir Sune"]
[Black "Womacka, Mathias"]
[Result "1/2-1/2"]
[WhiteElo "2258"]
[BlackElo "2496"]
[PlyCount "52"]
[EventDate "2003.01.??"]
[Source "EeEk"]
[SourceDate "2003.01.08"]

1. d4 Nf6 2. c4 e6 3. Nf3 c5 4. d5 exd5 5. cxd5 d6 6. Nc3 g6 7. h3 Bg7 8. e4
O-O 9. Bd3 b5 10. Nxb5 Re8 11. O-O Nxe4 12. Qa4 a6 13. Bxe4 Bd7 14. Bd3 Qb6 15.
Ng5 axb5 16. Qh4 h6 17. Ne4 Qd8 18. Qxd8 Rxd8 19. Nxd6 c4 20. Be2 Na6 21. Bd2
Nc5 22. Bb4 Na4 23. b3 Bxa1 24. Rxa1 cxb3 25. axb3 Nb6 26. Rd1 Ra2 1/2-1/2

[Event "Gausdal Troll Masters"]
[Site "Gausdal, Norway"]
[Date "2003.01.15"]
[Round "10"]
[White "Kovalevskaya, Ekaterina"]
[Black "Fäldt, Magnus"]
[Result "1/2-1/2"]
[WhiteElo "2452"]
[BlackElo "2252"]
[PlyCount "60"]
[EventDate "2003.01.??"]
[Source "EeEk"]
[SourceDate "2003.01.08"]

1. e4 c5 2. Nf3 Nc6 3. Bb5 e6 4. Bxc6 bxc6 5. b3 Ne7 6. Bb2 Ng6 7. O-O f6 8. e5
Be7 9. Na3 O-O 10. Nc4 Qc7 11. Qe1 Nf4 12. d3 fxe5 13. Qxe5 Qxe5 14. Nfxe5 Ne2+
15. Kh1 Nd4 16. c3 Nf5 17. Rae1 Nd6 18. f4 Nxc4 19. Nxc4 d6 20. Rf3 Bd7 21. Ba3
Rf5 22. d4 cxd4 23. Bxd6 Bxd6 24. Nxd6 Rd5 25. Nc4 c5 26. Kg1 Rf8 27. Ne5 dxc3
28. Rxc3 Rxf4 29. Nxd7 Rxd7 30. Rxc5 Rd2 1/2-1/2

[Event "Gausdal Troll Masters"]
[Site "Gausdal, Norway"]
[Date "2003.01.15"]
[Round "10"]
[White "Molander, Riku"]
[Black "Agopov, Mikael"]
[Result "1/2-1/2"]
[WhiteElo "2291"]
[BlackElo "2376"]
[PlyCount "104"]
[EventDate "2003.01.??"]
[Source "EeEk"]
[SourceDate "2003.01.08"]

1. e4 c5 2. c3 Nf6 3. e5 Nd5 4. d4 cxd4 5. Nf3 Nc6 6. cxd4 d6 7. Bc4 e6 8. O-O
Be7 9. exd6 Qxd6 10. Nc3 O-O 11. Re1 Nf6 12. Bg5 Rd8 13. Qe2 Nxd4 14. Nxd4 Qxd4
15. Rad1 Qc5 16. Rxd8+ Bxd8 17. Rd1 Qf8 18. Ne4 Nd5 19. Bxd8 Qxd8 20. Nc3 Bd7
21. Nxd5 exd5 22. Bxd5 Qe8 23. Qxe8+ Bxe8 24. b3 Rb8 25. Rc1 Kf8 26. g3 Bc6 27.
Bxc6 Rc8 28. Kf1 bxc6 29. Rc5 Ke7 30. Ra5 Rc7 31. b4 Kd6 32. Ke2 g6 33. Kd3 c5
34. bxc5+ Kd5 35. Kc3 Rb7 36. f3 f5 37. h4 Rc7 38. Kd3 Rb7 39. a4 Rb3+ 40. Ke2
Rb2+ 41. Ke3 Rb3+ 42. Kf4 Rb4+ 43. Kg5 Rb3 44. Kf4 Rb4+ 45. Ke3 Rb3+ 46. Kf2
Rb2+ 47. Kg1 Kd4 48. Rxa7 Ke3 49. Rxh7 Kxf3 50. Rg7 Rb1+ 51. Kh2 Rb2+ 52. Kh3
Rb1 1/2-1/2

[Event "Gausdal Troll Masters"]
[Site "Gausdal, Norway"]
[Date "2003.01.15"]
[Round "10"]
[White "Berg, Olaf"]
[Black "Shumiakina, Tatiana"]
[Result "0-1"]
[WhiteElo "2065"]
[BlackElo "2364"]
[PlyCount "136"]
[EventDate "2003.01.??"]
[Source "EeEk"]
[SourceDate "2003.01.08"]

1. e4 c5 2. Nf3 Nc6 3. Bb5 e6 4. Qe2 Nge7 5. O-O a6 6. Bxc6 Nxc6 7. d3 Be7 8.
Nc3 O-O 9. h3 d6 10. Bf4 b5 11. Rad1 Bb7 12. Bg3 Rc8 13. Rd2 b4 14. Nd1 Qa5 15.
Ne3 Qxa2 16. Nc4 Rcd8 17. b3 d5 18. Nb6 dxe4 19. Qxe4 Na5 20. Qe3 Bxf3 21. gxf3
Bf6 22. Bc7 Bc3 23. Rdd1 Rd4 24. Na4 Qxc2 25. Bxa5 Qxb3 26. Nxc3 bxc3 27. Rc1
c2 28. Qd2 Rxd3 29. Qxc2 Rxf3 30. Qxb3 Rxb3 31. Kg2 Rb5 32. Bd2 Rc8 33. Rc4 Kf8
34. Rfc1 Ke7 35. Be3 Kd6 36. Rd1+ Kc6 37. Kf3 f6 38. Rg1 g5 39. Ra1 a5 40. Rac1
Kd5 41. R4c3 a4 42. Rd1+ Kc6 43. Ra1 Ra8 44. Ke2 h5 45. Kd2 Raa5 46. Kc2 Rb3
47. Rc4 Rb4 48. Kc3 Rxc4+ 49. Kxc4 a3 50. Ra2 e5 51. Kd3 Kd5 52. Bc1 g4 53.
hxg4 hxg4 54. Ke3 f5 55. Bxa3 f4+ 56. Ke2 Ke4 57. Ra1 c4 58. Bb2 Rxa1 59. Bxa1
Kd5 60. Bc3 e4 61. Bd2 e3 62. fxe3 f3+ 63. Ke1 Ke4 64. Bc1 g3 65. Bd2 Kd3 66.
Bc1 g2 67. Kf2 g1=Q+ 68. Kxg1 Ke2 0-1

[Event "Gausdal Troll Masters"]
[Site "Gausdal, Norway"]
[Date "2003.01.15"]
[Round "10"]
[White "Bisby, Daniel"]
[Black "Nordahl, Helge"]
[Result "1/2-1/2"]
[WhiteElo "2283"]
[BlackElo "2303"]
[PlyCount "40"]
[EventDate "2003.01.??"]
[Source "EeEk"]
[SourceDate "2003.01.08"]

1. e4 c5 2. Nc3 Nc6 3. g3 g6 4. Bg2 Bg7 5. d3 e6 6. Be3 d6 7. Qd2 Rb8 8. Nf3 a6
9. O-O Nge7 10. Bh6 O-O 11. Bxg7 Kxg7 12. d4 cxd4 13. Nxd4 Qc7 14. Rad1 Rd8 15.
Kh1 Nxd4 16. Qxd4+ e5 17. Qa7 Be6 18. f4 f6 19. Rd2 Rbc8 20. Qf2 Rf8 1/2-1/2

[Event "Gausdal Troll Masters"]
[Site "Gausdal, Norway"]
[Date "2003.01.15"]
[Round "10"]
[White "Harestad, Hans Krogh"]
[Black "Torgersen, Terje"]
[Result "1-0"]
[WhiteElo "2236"]
[BlackElo "1790"]
[PlyCount "133"]
[EventDate "2003.01.??"]
[Source "EeEk"]
[SourceDate "2003.01.08"]

1. d4 d5 2. c4 e6 3. Nc3 Nf6 4. Nf3 c6 5. e3 Nbd7 6. Qc2 Bd6 7. e4 dxe4 8. Nxe4
Nxe4 9. Qxe4 Bb4+ 10. Bd2 Bxd2+ 11. Nxd2 Nf6 12. Qf4 Qa5 13. Bd3 c5 14. Qe5 O-O
15. Qxc5 Qxc5 16. dxc5 Nd7 17. Nb3 Ne5 18. Be2 Bd7 19. O-O Rfc8 20. f4 Nc6 21.
Rfd1 Be8 22. Bf3 a5 23. Rd6 a4 24. Nc1 Na5 25. Nd3 Rab8 26. Rc1 f6 27. Rc3 Bg6
28. b4 axb3 29. axb3 Nc6 30. Kf2 e5 31. Bd5+ Kf8 32. fxe5 Bxd3 33. Rxd3 Nxe5
34. Rh3 h6 35. b4 b5 36. cxb5 Rxb5 37. Rb6 Rb8 38. Rxb8+ Rxb8 39. Rc3 Ke7 40.
b5 Rxb5 41. c6 Rc5 42. Rxc5 Nd3+ 43. Ke3 Nxc5 44. Kd4 Na6 45. Bc4 Nc7 46. Kc5
f5 47. h4 g5 48. h5 g4 49. Kb6 Ne8 50. Kc5 Kf6 51. Kd4 Nc7 52. g3 Ne8 53. Ba6
f4 54. gxf4 g3 55. Bf1 Ke7 56. Ke5 Ng7 57. Bh3 Kd8 58. f5 Nxh5 59. Kd6 Nf6 60.
c7+ Kc8 61. Kc6 g2 62. Bxg2 Ne8 63. f6 Nxc7 64. f7 Ne6 65. Bh3 Kd8 66. Bxe6 Ke7
67. Kd5 1-0

[Event "Gausdal Troll Masters"]
[Site "Gausdal, Norway"]
[Date "2003.01.15"]
[Round "10"]
[White "Andersen, Alf R"]
[Black "Charleshouse, Glenn"]
[Result "1-0"]
[WhiteElo "2142"]
[BlackElo "2284"]
[PlyCount "79"]
[EventDate "2003.01.??"]
[Source "EeEk"]
[SourceDate "2003.01.08"]

1. e4 c5 2. Nf3 e6 3. d4 cxd4 4. Nxd4 Nf6 5. Nc3 d6 6. Bg5 Be7 7. Qd2 h6 8. Bh4
a6 9. O-O-O Nc6 10. f4 Qc7 11. Bf2 Bd7 12. Be2 Rc8 13. g4 Na5 14. g5 hxg5 15.
fxg5 Nh5 16. g6 fxg6 17. Rhg1 Kf7 18. Nf3 Nc4 19. Bxc4 Qxc4 20. Rdf1 Kg8 21.
Bh4 Bf8 22. Rf2 Be8 23. Nd4 Nf6 24. Bxf6 gxf6 25. Rxf6 Bg7 26. Rfxg6 Bxg6 27.
Rxg6 Re8 28. Rg1 Rh7 29. Nf3 Rf8 30. Qg2 Kh8 31. Nh4 Bh6+ 32. Kb1 Rg7 33. Ng6+
Kg8 34. h4 Rf6 35. h5 Kh7 36. a3 b5 37. Rd1 Qc5 38. Qh2 Rf2 39. Qh4 Qe3 40. Qd8
{Time} 1-0

[Event "Gausdal Troll Masters"]
[Site "Gausdal, Norway"]
[Date "2003.01.15"]
[Round "10"]
[White "Hole, Øystein"]
[Black "Ask, Josef"]
[Result "1/2-1/2"]
[WhiteElo "2252"]
[BlackElo "2128"]
[PlyCount "75"]
[EventDate "2003.01.??"]
[Source "EeEk"]
[SourceDate "2003.01.08"]

1. Nf3 Nf6 2. c4 g6 3. Nc3 Bg7 4. e4 d6 5. d4 O-O 6. Be2 e5 7. O-O exd4 8. Nxd4
Re8 9. f3 c6 10. Kh1 Nbd7 11. Bg5 Qb6 12. Nb3 a5 13. Qd2 a4 14. Be3 Nc5 15. Nd4
Nfd7 16. Rab1 Nf8 17. Rfd1 Nfe6 18. Nxe6 Rxe6 19. Bd4 Bd7 20. Bxg7 Kxg7 21. b4
axb3 22. axb3 Qb4 23. Qb2 Kg8 24. Na2 Qxb3 25. Qxb3 Nxb3 26. Rxb3 Rxa2 27. Bf1
Bc8 28. Rbd3 Kf8 29. Rxd6 Rxd6 30. Rxd6 Ra1 31. Kg1 Be6 32. Kf2 Ke7 33. Rd2 Rc1
34. Rb2 Bc8 35. Rd2 h5 36. Be2 Rc3 37. h4 Be6 38. Rb2 1/2-1/2

[Event "Gausdal Troll Masters"]
[Site "Gausdal, Norway"]
[Date "2003.01.15"]
[Round "10"]
[White "Gambäck, Björn"]
[Black "Svensen, Tarjei Joten"]
[Result "0-1"]
[WhiteElo "2213"]
[BlackElo "2074"]
[PlyCount "64"]
[EventDate "2003.01.??"]
[Source "EeEk"]
[SourceDate "2003.01.08"]

1. Nf3 Nf6 2. c4 e6 3. Nc3 d5 4. d4 Nbd7 5. Bg5 c6 6. e3 Qa5 7. Nd2 Bb4 8. Qc2
dxc4 9. Bxf6 Nxf6 10. Nxc4 Bxc3+ 11. bxc3 Qc7 12. Be2 c5 13. Qb2 Rb8 14. O-O
O-O 15. Ne5 b6 16. f4 Bb7 17. f5 exf5 18. Rxf5 cxd4 19. cxd4 Rbc8 20. Bc4 Bd5
21. Rc1 Qb7 22. Rff1 Bxc4 23. Rxc4 Rxc4 24. Nxc4 Qd5 25. Ne5 Qe4 26. Qb3 Nd5
27. Re1 Rc8 28. Qa3 Rc2 29. Nf3 Qg4 30. Nh4 Qxh4 31. Rc1 Qf2+ 32. Kh1 Qxg2# 0-1

[Event "Gausdal Troll Masters"]
[Site "Gausdal, Norway"]
[Date "2003.01.15"]
[Round "10"]
[White "Berning, Boris"]
[Black "Lönngren, Tobias"]
[Result "0-1"]
[WhiteElo "2240"]
[BlackElo "2122"]
[PlyCount "60"]
[EventDate "2003.01.??"]
[Source "EeEk"]
[SourceDate "2003.01.08"]

1. e4 c6 2. d3 d5 3. Nd2 e5 4. Ngf3 Bd6 5. g3 Nf6 6. Bg2 O-O 7. O-O Nbd7 8. Re1
Re8 9. Rb1 a5 10. a3 a4 11. Nf1 Qc7 12. Bg5 Bf8 13. Nh4 g6 14. Qc1 dxe4 15.
dxe4 Bg7 16. Bh6 Bxh6 17. Qxh6 Qd6 18. Qg5 Kh8 19. Rbd1 Qe7 20. Qc1 Nc5 21. h3
Ne6 22. Ne3 Nd4 23. f4 Nh5 24. fxe5 Qxe5 25. Nc4 Qxg3 26. Re3 Qxh4 27. Rxd4 Nf4
28. Qf1 Qg5 29. Nd6 Rf8 30. Nxc8 Nxg2 0-1

[Event "Gausdal Troll Masters"]
[Site "Gausdal, Norway"]
[Date "2003.01.15"]
[Round "10"]
[White "Nygren, Kim"]
[Black "Stokke, Kjetil"]
[Result "1-0"]
[WhiteElo "2202"]
[BlackElo "2136"]
[PlyCount "65"]
[EventDate "2003.01.??"]
[Source "EeEk"]
[SourceDate "2003.01.08"]

1. b3 c5 2. Bb2 Nc6 3. e3 Nf6 4. Bb5 Qc7 5. f4 a6 6. Be2 b6 7. Nf3 Bb7 8. O-O
e6 9. Qe1 Be7 10. d3 h6 11. Ne5 Nb4 12. Na3 d6 13. Ng4 O-O-O 14. Nxf6 Bxf6 15.
c3 Rhg8 16. d4 Nc6 17. Rc1 Ne7 18. e4 g5 19. fxg5 Bxg5 20. Rc2 f5 21. Bf3 f4
22. b4 c4 23. b5 axb5 24. Nxb5 Qd7 25. a4 Nc6 26. Ba3 Be7 27. Rb2 Na5 28. d5
Rg5 29. Qf2 Rdg8 30. Qxb6 Qd8 31. Na7+ Kb8 32. Nc6+ Nxc6 33. Qxb7# 1-0

[Event "Gausdal Troll Masters"]
[Site "Gausdal, Norway"]
[Date "2003.01.15"]
[Round "10"]
[White "Hörbing, Stefan"]
[Black "Nolsøe, Eydun"]
[Result "0-1"]
[WhiteElo "2038"]
[BlackElo "2236"]
[PlyCount "86"]
[EventDate "2003.01.??"]
[Source "EeEk"]
[SourceDate "2003.01.08"]

1. e4 c5 2. Nf3 d6 3. Bb5+ Bd7 4. Bxd7+ Qxd7 5. c4 Nc6 6. d4 cxd4 7. Nxd4 Nf6
8. Nc3 g6 9. O-O Bg7 10. f3 Nxe4 11. fxe4 Nxd4 12. Be3 Ne6 13. Qd2 O-O 14. Rf2
b6 15. Nd5 Rac8 16. Rc1 Nc5 17. Qc2 Qe6 18. Re2 Rfe8 19. Bf2 Be5 20. b3 Qg4 21.
h3 Qg5 22. Rf1 Ne6 23. Qd3 Nf4 24. Nxf4 Qxf4 25. g3 Qg5 26. Kg2 h5 27. Qf3 Qf6
28. Qd3 Qg7 29. Be3 Rcd8 30. Ref2 f6 31. Rd2 Rf8 32. Qd5+ Qf7 33. Qd3 Qe6 34.
Rdf2 Qd7 35. Bd4 Qc6 36. Be3 e6 37. Bh6 Rfe8 38. Qf3 Rd7 39. g4 hxg4 40. Qxg4
Kh8 41. Kh1 Rh7 42. Be3 f5 43. Qg2 Qxe4 0-1

[Event "Gausdal Troll Masters"]
[Site "Gausdal, Norway"]
[Date "2003.01.15"]
[Round "10"]
[White "Nilsen, Terje"]
[Black "Fossum, Øystein Bøyum"]
[Result "0-1"]
[WhiteElo "1794"]
[BlackElo "2167"]
[PlyCount "122"]
[EventDate "2003.01.??"]
[Source "EeEk"]
[SourceDate "2003.01.08"]

1. e4 e6 2. d3 c5 3. g3 Nc6 4. Bg2 g6 5. Ne2 Bg7 6. O-O Nge7 7. Nbc3 O-O 8. Be3
Nd4 9. Qd2 Nec6 10. Nd1 Nxe2+ 11. Qxe2 d6 12. Qd2 Rb8 13. Bh6 b5 14. Bxg7 Kxg7
15. Ne3 b4 16. f4 e5 17. f5 f6 18. h4 Ne7 19. Bh3 d5 20. Ng4 Ng8 21. exd5 Bxf5
22. Rxf5 gxf5 23. Ne3 Ne7 24. Kh2 f4 25. gxf4 exf4 26. Qg2+ Kh8 27. Nf5 Rg8 28.
Qe4 Nxf5 29. Bxf5 Qd6 30. Kh1 Rg3 31. Rg1 Rxg1+ 32. Kxg1 Rg8+ 33. Kf2 f3 34.
Qe6 Qh2+ 35. Ke3 Qe2+ 36. Kf4 Qxe6 37. dxe6 f2 38. Bh3 Kg7 39. Kf3 f5 40. Kxf2
Kf6 41. Kf3 Kxe6 42. Kf4 Rf8 43. c3 a5 44. a4 h6 45. h5 Rf6 46. Bf1 Rf8 47. Bh3
Rf7 48. cxb4 cxb4 49. b3 Rf8 50. d4 Kd5 51. Bxf5 Kxd4 52. Kg4 Ke3 53. Be6 Rf4+
54. Kg3 Rd4 55. Bf7 Kd3 56. Kf3 Kc3 57. Ke3 Rh4 58. Kf3 Kb2 59. Kg3 Rd4 60. Kf3
Rd3+ 61. Ke4 Rxb3 0-1

[Event "Gausdal Troll Masters"]
[Site "Gausdal, Norway"]
[Date "2003.01.15"]
[Round "10"]
[White "Karlsen, Terje"]
[Black "Unander, Matts"]
[Result "0-1"]
[WhiteElo "2135"]
[BlackElo "2214"]
[PlyCount "88"]
[EventDate "2003.01.??"]
[Source "EeEk"]
[SourceDate "2003.01.08"]

1. e4 c5 2. Nf3 e6 3. Nc3 a6 4. d4 cxd4 5. Nxd4 d6 6. Bc4 Nf6 7. O-O Bd7 8. a3
Nc6 9. Be3 Be7 10. Ba2 O-O 11. f4 Qc7 12. Qf3 Nxd4 13. Bxd4 e5 14. Be3 exf4 15.
Bxf4 Rac8 16. Kh1 b5 17. Rf2 Qc5 18. Rd2 Kh8 19. h3 Be6 20. Rad1 Bxa2 21. Nxa2
Rfd8 22. Nc3 a5 23. Be3 Qc6 24. Nd5 Qb7 25. Bb6 Re8 26. Bxa5 Nxd5 27. Rxd5 Bf6
28. c3 Rc4 29. Re1 Qxd5 30. exd5 Rxe1+ 31. Kh2 Rf4 32. Qxf4 Be5 33. Kg3 Re3+
34. Kg4 h5+ 35. Kf5 g6+ 36. Kg5 Bxf4+ 37. Kxf4 Re5 38. c4 Rf5+ 39. Ke4 bxc4 40.
Bc7 Kg7 41. Bxd6 Rf2 42. Bb4 f5+ 43. Ke5 Kf7 44. Kd6 Rxb2 0-1

[Event "Gausdal Troll Masters"]
[Site "Gausdal, Norway"]
[Date "2003.01.15"]
[Round "10"]
[White "Larsen, Tor Kristian"]
[Black "Ohlzon, Nils-Johan"]
[Result "0-1"]
[WhiteElo "1747"]
[BlackElo "2176"]
[PlyCount "48"]
[EventDate "2003.01.??"]
[Source "EeEk"]
[SourceDate "2003.01.08"]

1. Nf3 d5 2. d4 Nf6 3. c4 e6 4. Nc3 c6 5. Bg5 dxc4 6. e4 b5 7. e5 h6 8. Bh4 g5
9. Nxg5 hxg5 10. Bxg5 Nbd7 11. g3 Qb6 12. exf6 Bb7 13. Bg2 O-O-O 14. O-O c5 15.
d5 b4 16. Rb1 Qa6 17. dxe6 Bxg2 18. e7 Bb7 19. exf8=Q Nxf8 20. Qc2 Qc6 21. f3
bxc3 22. bxc3 Ne6 23. Qf5 Rd5 24. Qc2 Nxg5 0-1

[Event "Gausdal Troll Masters"]
[Site "Gausdal, Norway"]
[Date "2003.01.15"]
[Round "10"]
[White "Korhonen, Pasi"]
[Black "Johansson, Per"]
[Result "1-0"]
[WhiteElo "2115"]
[BlackElo "2016"]
[PlyCount "87"]
[EventDate "2003.01.??"]
[Source "EeEk"]
[SourceDate "2003.01.08"]

1. Nf3 d5 2. b3 Nf6 3. Bb2 Bf5 4. e3 e6 5. d4 Be7 6. Be2 c6 7. O-O O-O 8. Nbd2
h6 9. Ne5 Nbd7 10. Bd3 Bxd3 11. Nxd3 c5 12. Qf3 cxd4 13. exd4 b5 14. b4 Nb6 15.
Nc5 Nc4 16. Nxc4 bxc4 17. c3 Rb8 18. Bc1 Bd6 19. a4 Bxc5 20. dxc5 Ne4 21. Ba3
Qc7 22. Qe3 a6 23. f3 Nf6 24. Rab1 Qc6 25. Bc1 Nd7 26. Qe2 f6 27. Be3 Ne5 28.
Bd4 Nd3 29. b5 Qc8 30. c6 e5 31. Bf2 Qc7 32. Bg3 Rb6 33. Bf2 Rbb8 34. g3 Rfe8
35. Kg2 Nxf2 36. Qxf2 Rb6 37. Qc5 Rd8 38. Rfd1 Kh8 39. Rxd5 Rxd5 40. Qxd5 Rb8
41. Rd1 axb5 42. axb5 Qa5 43. Qxc4 Rxb5 44. c7 1-0

[Event "Gausdal Troll Masters"]
[Site "Gausdal, Norway"]
[Date "2003.01.15"]
[Round "10"]
[White "Simonsen, Olavur"]
[Black "Bryn, Steinar"]
[Result "1-0"]
[WhiteElo "2265"]
[BlackElo "1561"]
[PlyCount "69"]
[EventDate "2003.01.??"]
[Source "EeEk"]
[SourceDate "2003.01.08"]

1. e4 e5 2. Nf3 Nc6 3. Bc4 Bc5 4. b4 Bxb4 5. c3 Be7 6. d4 d6 7. Qb3 Na5 8.
Bxf7+ Kf8 9. Qa4 Kxf7 10. Qxa5 Bf6 11. dxe5 dxe5 12. Nxe5+ Bxe5 13. Qxe5 Nf6
14. f3 Re8 15. Qd4 Bf5 16. O-O Be6 17. Bg5 h6 18. Bxf6 gxf6 19. Nd2 Rg8 20. Nb3
Bh3 21. Rf2 Qc8 22. Qd5+ Ke7 23. Rd1 Rg5 24. Qc4 b5 25. Qe2 Qg8 26. Nd4 a6 27.
Nf5+ Kf8 28. Rd2 Re8 29. Qd3 Bxf5 30. exf5 Qh7 31. Rfe2 Rxe2 32. Rxe2 Qxf5 33.
Qd8+ Kg7 34. Re7+ Kg6 35. Qe8# 1-0

[Event "Gausdal Troll Masters"]
[Site "Gausdal, Norway"]
[Date "2003.01.15"]
[Round "10"]
[White "Pedersen, Øyvind"]
[Black "Bryn, Askild"]
[Result "1-0"]
[WhiteElo "2054"]
[BlackElo "1616"]
[PlyCount "79"]
[EventDate "2003.01.??"]
[Source "EeEk"]
[SourceDate "2003.01.08"]

1. e4 c5 2. c3 d5 3. exd5 Qxd5 4. d4 cxd4 5. cxd4 Nc6 6. Nf3 e6 7. Nc3 Bb4 8.
Bd2 Bxc3 9. Bxc3 Nge7 10. Bd3 O-O 11. O-O b6 12. Re1 Qh5 13. Rc1 Bb7 14. Be4
Nd5 15. Qd2 Rfd8 16. Bb1 Nce7 17. Re5 Qg4 18. Re4 Qg6 19. Rh4 f5 20. Rh3 Qf6
21. Qg5 h6 22. Qxf6 Nxf6 23. Re1 Bd5 24. Ne5 Nd7 25. Nd3 Kf7 26. Rhe3 g5 27.
Bb4 Nf6 28. Bc3 Re8 29. b3 Nc6 30. Ne5+ Nxe5 31. dxe5 Ng8 32. Rd1 Ne7 33. f3
Bc6 34. Bb2 Nd5 35. Re2 Rac8 36. Kf2 Rc7 37. Rc1 Rec8 38. Ba3 Bb5 39. Rxc7+
Rxc7 40. Rd2 {Time} 1-0

[Event "Gausdal Troll Masters"]
[Site "Gausdal, Norway"]
[Date "2003.01.15"]
[Round "10"]
[White "Bue, Gunnar"]
[Black "Lahlum, Ida"]
[Result "1-0"]
[WhiteElo "1991"]
[BlackElo "1438"]
[PlyCount "63"]
[EventDate "2003.01.??"]
[Source "EeEk"]
[SourceDate "2003.01.08"]

1. d4 Nf6 2. c4 g6 3. Nc3 Bg7 4. e4 d6 5. f3 O-O 6. Be3 e5 7. d5 c6 8. Bd3 b5
9. Nge2 bxc4 10. Bxc4 c5 11. Qd2 a6 12. g4 h5 13. gxh5 Nxh5 14. O-O-O Nd7 15.
Ng3 Nf4 16. h4 Nb6 17. Bb3 a5 18. a3 Ba6 19. Bxf4 exf4 20. Nge2 a4 21. Ba2 Bc4
22. Bb1 Rb8 23. Rdg1 Ba6 24. Rh2 Rb7 25. h5 g5 26. Nxf4 Qf6 27. Nfe2 Kh8 28. h6
Bxh6 29. Rgh1 Kg7 30. Rxh6 Qe5 31. R6h5 f6 32. Rh7+ 1-0

[Event "Gausdal Troll Masters"]
[Site "Gausdal, Norway"]
[Date "2003.01.15"]
[Round "10"]
[White "Saulnier, Jean"]
[Black "Johansen, Kai-Roger"]
[Result "1/2-1/2"]
[WhiteElo "1880"]
[BlackElo "2084"]
[PlyCount "45"]
[EventDate "2003.01.??"]
[Source "EeEk"]
[SourceDate "2003.01.08"]

1. d4 d5 2. Nf3 Nf6 3. e3 Bg4 4. c4 c6 5. cxd5 cxd5 6. Qb3 Qc7 7. Nc3 e6 8. Ne5
Be7 9. Qa4+ Kf8 10. Bd2 Nbd7 11. Nb5 Qb8 12. Rc1 Nxe5 13. dxe5 Qxe5 14. Bc3 Qe4
15. Qb3 a6 16. Nd4 b5 17. Bb4 Bh5 18. Qc3 Bxb4 19. Qxb4+ Kg8 20. Qc5 h6 21. Qa3
Bg6 22. Nxb5 Kh7 23. Nd6 1/2-1/2